[Event "World School-ch U11 Girls"]
[Site "Rhodes"]
[Date "2023.04.20"]
[Round "7"]
[White "Buyankhishig, Batpelden"]
[Black "Bakhshizada, Asnad"]
[Result "1-0"]
[WhiteElo "1399"]
[BlackElo "1326"]
[PlyCount "89"]
[EventDate "2023.04.14"]
[EventType "swiss"]
[EventRounds "9"]
[EventCountry "GRE"]
[SourceTitle "EXT 2024"]
[Source "ChessBase"]
[SourceDate "2023.10.10"]
[SourceVersion "1"]
[SourceVersionDate "2023.10.10"]
[SourceQuality "1"]

1. e4 e6 2. d4 d5 3. exd5 exd5 4. Bd3 Bd6 5. Nc3 Nf6 6. Bg5 c6 7. Nge2 Qc7 8. Bxf6 gxf6 9. Qd2 Be6 10. 0-0-0 Nd7 11. Kb1 0-0-0 12. Ng3 Qb6 13. Nce2 c5 14. dxc5 Nxc5 15. f4 Kb8 16. c3 Nxd3 17. Qxd3 Qa5 18. f5 Bc8 19. Nd4 Be5 20. Nf3 Rd6 21. Rhe1 Bxg3 22. hxg3 Rhd8 23. Nd4 Ra6 24. a3 Rb6 25. Ka2 Qa4 26. g4 Bd7 27. Re7 Bb5 28. Nxb5 Rxb5 29. Qe2 Qb3+ 30. Ka1 Ra5 31. Rd4 Ra4 32. Rxa4 Qxa4 33. Rxf7 Re8 34. Re7 Rd8 35. Rxh7 Re8 36. Re7 Rh8 37. Re3 Rh1+ 38. Ka2 b6 39. Re8+ Kb7 40. Qe7+ Ka6 41. Ra8 Qc4+ 42. b3 Qxg4 43. Qxa7+ Kb5 44. Qd7+ Kc5 45. Rc8# 1-0

[Event "World School-ch U11 Girls"]
[Site "Rhodes"]
[Date "2023.04.17"]
[Round "4"]
[White "Bakhshizada, Asnad"]
[Black "Omirserik, Alima"]
[Result "1-0"]
[WhiteElo "1326"]
[BlackElo "1228"]
[PlyCount "77"]
[EventDate "2023.04.14"]
[EventType "swiss"]
[EventRounds "9"]
[EventCountry "GRE"]
[SourceTitle "EXT 2024"]
[Source "ChessBase"]
[SourceDate "2023.10.10"]
[SourceVersion "1"]
[SourceVersionDate "2023.10.10"]
[SourceQuality "1"]

1. d4 d5 2. Nf3 Nf6 3. Bf4 Bf5 4. e3 e6 5. Bd3 Ne4 6. 0-0 Bd6 7. Bxd6 Nxd6 8. Ne5 0-0 9. Nd2 f6 10. Nef3 Nd7 11. Nh4 Bxd3 12. cxd3 e5 13. dxe5 fxe5 14. Nhf3 Qf6 15. Qb3 c6 16. e4 Nc5 17. Qc3 dxe4 18. dxe4 Nd7 19. Rad1 Kh8 20. Qe3 Nb6 21. Qg5 Qxg5 22. Nxg5 Rfe8 23. Ndf3 Rad8 24. Rxd6 Rxd6 25. Nf7+ Kg8 26. Nxd6 Re7 27. Nf5 Rd7 28. Nxe5 Rd2 29. g3 Rxb2 30. Rd1 h6 31. Rd8+ Kh7 32. a3 Re2 33. f3 Ra2 34. Rb8 Ra1+ 35. Kg2 Ra2+ 36. Kh3 Rxa3 37. Rxb7 Ra5 38. Rxg7+ Kh8 39. Nf7# 1-0

[Event "Wch U10 Girls"]
[Site "Batumi"]
[Date "2022.09.25"]
[Round "9"]
[White "Li, Iris"]
[Black "Bakhshizada, Asnad"]
[Result "1-0"]
[WhiteElo "1651"]
[BlackElo "1170"]
[PlyCount "124"]
[EventDate "2022.09.16"]
[EventType "swiss"]
[EventRounds "11"]
[EventCountry "GEO"]
[SourceTitle "EXT 2023"]
[Source "ChessBase"]
[SourceDate "2022.10.05"]
[SourceVersion "1"]
[SourceVersionDate "2022.10.05"]
[SourceQuality "1"]

1. e4 e6 2. d4 d5 3. Nc3 Nf6 4. e5 Nfd7 5. f4 c5 6. Nf3 Nc6 7. Be3 a6 8. Ne2 Qa5+ 9. c3 c4 10. g3 b5 11. Bg2 Rb8 12. a3 Qc7 13. 0-0 Be7 14. g4 a5 15. f5 h5 16. fxe6 fxe6 17. Nf4 Nf8 18. Nxh5 g6 19. Ng3 b4 20. axb4 axb4 21. Bg5 bxc3 22. bxc3 Qb6 23. Bxe7 Nxe7 24. Ng5 Qb2 25. Nf7 Rg8 26. Nd6+ Kd8 27. Qa4 Nd7 28. Qa5+ Qb6 29. Qxb6+ Rxb6 30. Rfb1 Rxb1+ 31. Rxb1 Rf8 32. Ne2 Nc6 33. Ra1 Nb6 34. h4 Kc7 35. h5 gxh5 36. gxh5 Bd7 37. Rf1 Rh8 38. Bf3 Nc8 39. Nxc8 Kxc8 40. Kf2 Ne7 41. Rh1 Nf5 42. Nf4 Rh6 43. Bg4 Ng7 44. Ra1 Kb7 45. Kg3 Be8 46. Kh4 Bf7 47. Kg5 Rh8 48. h6 Nf5 49. Bxf5 exf5 50. Rh1 Kb6 51. Kf6 Rh7 52. e6 Be8 53. Nxd5+ Kc6 54. Ne7+ Kb5 55. Nxf5 Ka4 56. Nd6 Bc6 57. Kg6 Rh8 58. Kg7 Rd8 59. Nxc4 Bxh1 60. h7 Bd5 61. Nb6+ Kb5 62. Nxd5 Ra8 1-0

[Event "Wch U10 Girls"]
[Site "Batumi"]
[Date "2022.09.24"]
[Round "8"]
[White "Bakhshizada, Asnad"]
[Black "Fang, Arabella"]
[Result "1-0"]
[WhiteElo "1170"]
[BlackElo "1505"]
[PlyCount "89"]
[EventDate "2022.09.16"]
[EventType "swiss"]
[EventRounds "11"]
[EventCountry "GEO"]
[SourceTitle "EXT 2023"]
[Source "ChessBase"]
[SourceDate "2022.10.05"]
[SourceVersion "1"]
[SourceVersionDate "2022.10.05"]
[SourceQuality "1"]

1. d4 d5 2. Bf4 Nf6 3. c3 Bf5 4. e3 e6 5. Nf3 Nbd7 6. Bd3 Bxd3 7. Qxd3 c5 8. Nbd2 Qb6 9. Qc2 Bd6 10. Bxd6 Qxd6 11. 0-0 0-0 12. e4 cxd4 13. cxd4 Rac8 14. Qd3 dxe4 15. Nxe4 Qb4 16. b3 Nxe4 17. Qxe4 Nf6 18. Qe5 Rfd8 19. h3 Rd5 20. Qe3 Rd6 21. Rac1 Rdc6 22. Rxc6 Rxc6 23. Qe5 Rc8 24. Ng5 Qe7 25. Re1 h6 26. Nf3 Qc7 27. Qe3 Nd5 28. Qe2 a6 29. Ne5 Qc3 30. Nxf7 Nf4 31. Qe4 Nd3 32. Re3 Qc1+ 33. Kh2 Nxf2 34. Nxh6+ Kh8 35. Nf7+ Kg8 36. Qxe6 Rf8 37. Ne5+ Kh7 38. Qg6+ Kg8 39. Qe6+ Kh7 40. Nf3 Rf6 41. Qe5 Rf8 42. Qh5+ Kg8 43. Ng5 Qc7+ 44. Re5 g6 45. Qxg6+ 1-0

[Event "Wch U10 Girls"]
[Site "Batumi"]
[Date "2022.09.19"]
[Round "4"]
[White "Bakhshizada, Asnad"]
[Black "Hu, Ruyi"]
[Result "1-0"]
[WhiteElo "1170"]
[BlackElo "1399"]
[PlyCount "75"]
[EventDate "2022.09.16"]
[EventType "swiss"]
[EventRounds "11"]
[EventCountry "GEO"]
[SourceTitle "EXT 2023"]
[Source "ChessBase"]
[SourceDate "2022.10.05"]
[SourceVersion "1"]
[SourceVersionDate "2022.10.05"]
[SourceQuality "1"]

1. d4 d5 2. c4 c6 3. Nc3 Nf6 4. Nf3 e6 5. Bg5 Nbd7 6. e3 Be7 7. a3 0-0 8. Bd3 dxc4 9. Bxc4 b5 10. Bd3 h6 11. Bh4 a6 12. 0-0 c5 13. Bc2 Bb7 14. e4 cxd4 15. Nxd4 Ne5 16. Bg3 Nc4 17. Rb1 Rc8 18. Qd3 Bd6 19. Rfe1 Ne5 20. Qd1 Ne8 21. Nf3 Nc4 22. e5 Bxf3 23. Qxf3 Bxe5 24. Bxe5 Nd2 25. Qb7 Nxb1 26. Bxb1 Nd6 27. Qxa6 Nc4 28. Qxb5 Nxe5 29. Qxe5 Rb8 30. Qe4 g6 31. Qe5 Rb6 32. Ne4 f6 33. Qg3 g5 34. Qc3 e5 35. Qc2 Qb8 36. Nc5 Rf7 37. Ba2 Rxb2 38. Qg6+ 1-0